[Event "HUN-chT2 Toth 0809"]
[Site "Hungary"]
[Date "2008.12.21"]
[Round "4.8"]
[White "Mike, Peter"]
[Black "Erdos, Peter"]
[Result "1-0"]
[WhiteElo "1986"]
[BlackElo "2075"]
[PlyCount "45"]
[EventDate "2008.10.26"]
[EventType "team-tourn"]
[EventRounds "11"]
[EventCountry "HUN"]
[SourceTitle "EXT 2010"]
[Source "ChessBase"]
[SourceDate "2010.11.25"]
[SourceVersion "1"]
[SourceVersionDate "2010.11.25"]
[SourceQuality "1"]
[WhiteTeam "Maroczy II"]
[BlackTeam "Mako II"]
[WhiteTeamCountry "HUN"]
[BlackTeamCountry "HUN"]

1. e4 c5 2. Nf3 d6 3. c3 Nf6 4. h3 Bd7 5. d3 g6 6. Be3 Qc7 7. Nbd2 Bc6 8. Qc2 Nbd7 9. d4 b6 10. Bd3 Bg7 11. 0-0 0-0 12. Nh2 d5 13. e5 Ne8 14. f4 f5 15. g4 e6 16. Ndf3 Bh6 17. Qf2 fxg4 18. Nxg4 Bxf4 19. Bxf4 Rxf4 20. Qh4 Rxg4+ 21. hxg4 Nf8 22. Ng5 Ng7 23. Rf7 1-0

[Event "HUN-chT U18"]
[Site "Miskolc"]
[Date "2008.10.30"]
[Round "7.2"]
[White "Balazs, Gabor1111"]
[Black "Erdos, Peter"]
[Result "1-0"]
[WhiteElo "2283"]
[BlackElo "2075"]
[PlyCount "71"]
[EventDate "2008.10.27"]
[EventType "team-swiss"]
[EventRounds "8"]
[EventCountry "HUN"]
[SourceTitle "EXT 2016"]
[Source "ChessBase"]
[SourceDate "2015.10.08"]
[SourceVersion "1"]
[SourceVersionDate "2015.10.08"]
[SourceQuality "1"]

1. d4 Nf6 2. c4 e6 3. Nc3 Bb4 4. Qc2 Nc6 5. Nf3 d6 6. Bd2 0-0 7. a3 Bxc3 8. Bxc3 Re8 9. Rd1 Qe7 10. b4 e5 11. d5 Nb8 12. e4 Nh5 13. g3 Rf8 14. Be2 g6 15. Bd2 Ng7 16. Bh6 f5 17. Ng5 fxe4 18. Nxe4 Bf5 19. f3 a5 20. 0-0 Rf7 21. Kg2 Bd7 22. Bxg7 Kxg7 23. Qd2 b6 24. Bd3 h6 25. c5 bxc5 26. bxc5 Bf5 27. cxd6 cxd6 28. Rb1 Bxe4 29. Bxe4 Qd8 30. Qd3 g5 31. Bg6 Rc7 32. Bh5 Qf6 33. Rfc1 Rxc1 34. Rb7+ Kf8 35. Qh7 Rc2+ 36. Qxc2 1-0

[Event "HUN-chT U18"]
[Site "Miskolc"]
[Date "2008.10.29"]
[Round "4.4"]
[White "Szabo, Richard"]
[Black "Erdos, Peter"]
[Result "1/2-1/2"]
[WhiteElo "2024"]
[BlackElo "2075"]
[PlyCount "66"]
[EventDate "2008.10.27"]
[EventType "team-swiss"]
[EventRounds "8"]
[EventCountry "HUN"]
[SourceTitle "EXT 2016"]
[Source "ChessBase"]
[SourceDate "2015.10.08"]
[SourceVersion "1"]
[SourceVersionDate "2015.10.08"]
[SourceQuality "1"]

1. Nf3 d5 2. g3 Nf6 3. Bg2 Bg4 4. 0-0 c6 5. d3 Nbd7 6. h3 Bxf3 7. exf3 e6 8. Bf4 Qb6 9. b3 c5 10. c4 Bd6 11. Bxd6 Qxd6 12. Nc3 0-0 13. f4 Nb6 14. Qf3 a6 15. Rfe1 d4 16. Ne4 Nxe4 17. Qxe4 Rab8 18. f5 Rfe8 19. fxe6 fxe6 20. Qe5 Qxe5 21. Rxe5 Nd7 22. Re2 Nf6 23. Rae1 Kf7 24. h4 Re7 25. Bh3 Rbe8 26. f4 h5 27. Kf2 g6 28. a3 a5 29. Kf3 b6 30. g4 hxg4+ 31. Bxg4 Nxg4 32. Kxg4 Kf6 33. a4 Rh8 1/2-1/2

[Event "HUN-chT2 Toth 0506"]
[Site "Hungary"]
[Date "2006.02.12"]
[Round "7"]
[White "Erdos, Peter"]
[Black "Keresztes, Mark"]
[Result "1-0"]
[WhiteElo "2079"]
[BlackElo "2106"]
[PlyCount "59"]
[EventDate "2005.10.16"]
[EventType "team"]
[EventRounds "11"]
[EventCountry "HUN"]
[SourceTitle "EXT 2009"]
[Source "ChessBase"]
[SourceDate "2008.11.26"]
[SourceVersion "1"]
[SourceVersionDate "2008.11.26"]
[SourceQuality "1"]
[WhiteTeam "Mako"]
[BlackTeam "Takisz"]
[WhiteTeamCountry "HUN"]
[BlackTeamCountry "HUN"]

1. e4 c5 2. Nf3 d6 3. d4 cxd4 4. Nxd4 Nf6 5. Nc3 a6 6. g3 e6 7. Bg2 Be7 8. 0-0 0-0 9. Be3 Qc7 10. Qe2 Nbd7 11. Rad1 Rb8 12. f4 b5 13. e5 Ne8 14. Nc6 Nb6 15. exd6 Bxd6 16. Nxb8 Qxb8 17. Ne4 Be7 18. Bd4 Nd7 19. Rd3 Ndf6 20. Nxf6+ Bxf6 21. Bc5 Nc7 22. Bxf8 Kxf8 23. Qe3 Be7 24. Rfd1 Nd5 25. Bxd5 exd5 26. Re1 Be6 27. f5 Qc7 28. Rc3 Qd8 29. fxe6 d4 30. Qf4 1-0

[Event "HUN-chT2 Maroczy 0405"]
[Site "Hungary"]
[Date "2005.02.20"]
[Round "8"]
[White "Erdos, Peter"]
[Black "Weszelovszki, Gabor"]
[Result "1-0"]
[WhiteElo "2081"]
[BlackElo "1999"]
[PlyCount "99"]
[EventDate "2004.09.26"]
[EventType "team"]
[EventRounds "11"]
[EventCountry "HUN"]
[SourceTitle "EXT 2008"]
[Source "ChessBase"]
[SourceDate "2007.11.25"]
[SourceVersion "1"]
[SourceVersionDate "2007.11.25"]
[SourceQuality "1"]
[WhiteTeam "Hodmezovasarhely"]
[BlackTeam "Matra"]
[WhiteTeamCountry "HUN"]
[BlackTeamCountry "HUN"]

1. e4 c5 2. Nf3 Nc6 3. d4 cxd4 4. Nxd4 g6 5. Nc3 Bg7 6. Be3 d6 7. Qd2 Nf6 8. f3 d5 9. Bb5 Bd7 10. exd5 Nxd4 11. Bxd7+ Qxd7 12. Bxd4 0-0 13. 0-0 Rfd8 14. Rad1 a6 15. Rfe1 Qd6 16. Kh1 Rd7 17. Ne4 Qxd5 18. Bxf6 Qxd2 19. Rxd2 Rxd2 20. Bxg7 Rxc2 21. Bc3 b5 22. a3 a5 23. h3 Ra7 24. Ng3 f5 25. f4 b4 26. axb4 axb4 27. Be5 Rd7 28. Nf1 Kf7 29. Ne3 Rf2 30. Kh2 Rdd2 31. Kg3 e6 32. Rf1 Rxf1 33. Nxf1 Rd3+ 34. Kf2 h6 35. Ke2 Rd5 36. Ne3 Rd7 37. h4 b3 38. Nc4 Rd5 39. Bc3 Rd8 40. Ne5+ Ke8 41. Nxg6 h5 42. Ne5 Rd5 43. Nf3 Kd7 44. Nd4 Rc5 45. Nxb3 Rc4 46. Kf3 Kd6 47. Nd2 Rc6 48. Nf1 Rc8 49. Ng3 Rh8 50. Bxh8 1-0

[Event "HUN-chT2 Maroczy 0405"]
[Site "Hungary"]
[Date "2004.12.19"]
[Round "5"]
[White "Erdos, Peter"]
[Black "Farkas, Daniel"]
[Result "1/2-1/2"]
[WhiteElo "2074"]
[BlackElo "2035"]
[PlyCount "92"]
[EventDate "2004.09.26"]
[EventType "team"]
[EventRounds "11"]
[EventCountry "HUN"]
[SourceTitle "EXT 2008"]
[Source "ChessBase"]
[SourceDate "2007.11.25"]
[SourceVersion "1"]
[SourceVersionDate "2007.11.25"]
[SourceQuality "1"]
[WhiteTeam "Hodmezovasarhely"]
[BlackTeam "Miskolc EMSE"]
[WhiteTeamCountry "HUN"]
[BlackTeamCountry "HUN"]

1. e4 c5 2. Nf3 Nc6 3. d4 cxd4 4. Nxd4 e5 5. Nb5 a6 6. Nd6+ Bxd6 7. Qxd6 Qf6 8. Qxf6 Nxf6 9. Nc3 Nb4 10. Bd3 d5 11. exd5 Nbxd5 12. Nxd5 Nxd5 13. a3 0-0 14. c4 Nf6 15. Bg5 Be6 16. 0-0 Rfd8 17. Rfd1 Rd7 18. Be2 Rad8 19. b3 a5 20. Rxd7 Rxd7 21. f3 h6 22. Be3 Nh5 23. Rd1 Rxd1+ 24. Bxd1 a4 25. b4 Bxc4 26. Bxa4 Nf6 27. Bc2 Nd5 28. Kf2 f6 29. Bg6 b6 30. Be4 Nxe3 31. Kxe3 Kf7 32. a4 Ke6 33. a5 bxa5 34. bxa5 Kd6 35. f4 Ba6 36. fxe5+ Kxe5 37. Bd3 Bb7 38. g3 f5 39. a6 Bxa6 40. Bxa6 g5 41. Kf3 h5 42. Bb5 f4 43. Be8 fxg3 44. hxg3 g4+ 45. Kg2 h4 46. gxh4 Kf6 1/2-1/2